000
00310nam a2200133Ia 4500
008
151213s9999 xx 000 0 und d
100
_a
of
245
_a
The Mayor of Conterloridge
_c
of
300
_a
8858 p.
650
_a
English Literature
650
_a
English Literature
700
_a
of
999
_c
4643
_d
4643